Every Song by Tigers Jaw - Statistics

General Stats
  • This quiz has been taken 4 times
  • The average score is 37 of 78
Answer Stats
Album Song % Correct
Eyes Shut(2019) Eyes Shut
100%
Old Clothes(2022) Old Clothes
100%
Tigers Jaw(2008) Between Your Band and the Other Band
75%
Charmer(2014) Charmer
75%
Tigers Jaw(2008) Chemicals
75%
Belongs to the Dead(2006) Heat
75%
Tigers Jaw(2008) HEAT
75%
Two Worlds(2010) I Saw the Wolf
75%
I Won't Care How You Remember Me(2021) I Won't Care How You Remember Me
75%
Spin(2017) June
75%
Belongs to the Dead(2006) The Sun
75%
Tigers Jaw(2008) The Sun
75%
I Won't Care How You Remember Me(2021) Anniversary
50%
Tigers Jaw(2008) Arms Across America
50%
Spin(2017) Blurry Vision
50%
I Won't Care How You Remember Me(2021) Body Language
50%
Spin(2017) Bullet
50%
Two Worlds(2010) Buona Pizza
50%
I Won't Care How You Remember Me(2021) Can't Wait Forever
50%
I Won't Care How You Remember Me(2021) Cat's Cradle
50%
Two Worlds(2010) Coil/Recoil
50%
I Won't Care How You Remember Me(2021) Commit
50%
Charmer(2014) Cool
50%
Belongs to the Dead(2006) Danielson
50%
Charmer(2014) Distress Signal
50%
Charmer(2014) Divide
50%
Spin(2017) Favorite
50%
Spin(2017) Follows
50%
Charmer(2014) Frame You
50%
Spin(2017) Guardian
50%
I Won't Care How You Remember Me(2021) Heaven Apart
50%
I Won't Care How You Remember Me(2021) Hesitation
50%
Charmer(2014) Hum
50%
Charmer(2014) I Envy Your Apathy
50%
Tigers Jaw(2008) I Saw Water
50%
Tigers Jaw(2008) I Was Never Your Boyfriend
50%
The Sidekicks​/​Tigers Jaw Split(2011) Jimmy Piersall
50%
I Won't Care How You Remember Me(2021) Lemon Mouth
50%
Tigers Jaw(2008) Meals on Wheels
50%
Tigers Jaw(2008) Never Saw It Coming
50%
Spin(2017) Oh Time
50%
Belongs to the Dead(2006) Okay Paddy
50%
Tigers Jaw(2008) Plane vs Tank vs Submarine
50%
Two Worlds(2010) Return
50%
Spin(2017) Same Stone
50%
Charmer(2014) Slow Come On
50%
Charmer(2014) Softspoken
50%
2008 Tour(2012) Spirit Desire
50%
Charmer(2014) Teen Rocket
50%
Two Worlds(2010) Test Pattern
50%
Two Worlds(2010) Thank You, Noah Lowry
50%
Two Worlds(2010) Two Worlds
50%
Charmer(2014) What Would You Do
50%
Spin(2017) Window
50%
The Sidekicks​/​Tigers Jaw Split(2011) Boots 'N Hanks
25%
Spin(2017) Brass Ring
25%
Belongs to the Dead(2006) Cannonball
25%
Belongs to the Dead(2006) Colorful
25%
Tigers Jaw​/​Tiny Empires Split 7"(2012) My Friend Morrissey
25%
Spin(2017) Escape Plan
25%
Belongs to the Dead(2006) It's About Killing People
25%
Belongs to the Dead(2006) Jet Alone
25%
Two Worlds(2010) Let Go/Trashed Floors
25%
Spin(2017) Make It Up
25%
2008 Tour(2012) Neighbors
25%
Charmer(2014) Nervous Kids
25%
I Won't Care How You Remember Me(2021) Never Wanted To
25%
I Won't Care How You Remember Me(2021) New Detroit
25%
Tigers Jaw​/​Tiny Empires Split 7"(2012) No Mask/Haze Coffin
25%
Old Clothes(2022) Reckless
25%
2008 Tour(2012) Sammy Davis, Jr.
25%
Two Worlds(2010) Smile
25%
Two Worlds(2010) Static
25%
Belongs to the Dead(2006) Stun Gun
25%
Old Clothes(2022) Swear
25%
Belongs to the Dead(2006) The Times Tower Belongs to the Dead
25%
Old Clothes(2022) Waltz
25%
Two Worlds(2010) Windmills
25%
No matching quizzes found
Score Distribution
Percent of People with Each Score
Percentile by Number Answered
Your Score History
You have not taken this quiz